<?xml version="1.0" encoding="UTF-8"?>
<record
    xmlns:xsi="http://www.w3.org/2001/XMLSchema-instance"
    xsi:schemaLocation="http://www.loc.gov/MARC21/slim http://www.loc.gov/standards/marcxml/schema/MARC21slim.xsd"
    xmlns="http://www.loc.gov/MARC21/slim">

  <leader>01350nam a2200217 a 4500</leader>
  <controlfield tag="005">20140310183407.0</controlfield>
  <controlfield tag="008">121018s19uu    xx            00    eng d</controlfield>
  <datafield tag="020" ind1=" " ind2=" ">
    <subfield code="a">9780807748343</subfield>
  </datafield>
  <datafield tag="050" ind1=" " ind2=" ">
    <subfield code="a">LB 1591.5.U57</subfield>
    <subfield code="b">.D38 2008</subfield>
  </datafield>
  <datafield tag="100" ind1=" " ind2=" ">
    <subfield code="a">Davis, Jessica Hoffmann</subfield>
  </datafield>
  <datafield tag="245" ind1=" " ind2=" ">
    <subfield code="a">Why our schools need the arts /</subfield>
    <subfield code="c">Jessica Hoffmann Davis.</subfield>
  </datafield>
  <datafield tag="260" ind1=" " ind2=" ">
    <subfield code="a">New York, United States :</subfield>
    <subfield code="b">Teachers College Press,</subfield>
    <subfield code="c">2008.</subfield>
  </datafield>
  <datafield tag="300" ind1=" " ind2=" ">
    <subfield code="a">ix, 150 p. :</subfield>
    <subfield code="c">23 cm.</subfield>
  </datafield>
  <datafield tag="500" ind1=" " ind2=" ">
    <subfield code="a">Includes index</subfield>
  </datafield>
  <datafield tag="520" ind1=" " ind2=" ">
    <subfield code="a">This inspiring book leads the way to a new kind of advocacy-one that stops justifying the arts as useful to learning other subjects, and argues instead for the powerful lessons that the arts, like no other subject, teach our kids. Jessica Hoffmann Davis, a leading voice in the field of arts education, offers a set of principles and tools that will be invaluable to advocates already working hard to make the case and secure a strong place for the arts in education. She also reaches out to those who care deeply about education but have yet to consider what the arts uniquely provide. This book is for anyone willing to brave a new terrain in which the arts are finally embraced without apology.</subfield>
  </datafield>
  <datafield tag="521" ind1=" " ind2=" ">
    <subfield code="a">MA</subfield>
  </datafield>
  <datafield tag="650" ind1=" " ind2=" ">
    <subfield code="a">Art</subfield>
    <subfield code="x">Study and teaching</subfield>
    <subfield code="x">United States</subfield>
  </datafield>
  <datafield tag="650" ind1=" " ind2=" ">
    <subfield code="a">Art and society</subfield>
    <subfield code="x">United States</subfield>
  </datafield>
  <datafield tag="942" ind1=" " ind2=" ">
    <subfield code="c">BK</subfield>
    <subfield code="2">lcc</subfield>
    <subfield code="k">FOR</subfield>
  </datafield>
  <datafield tag="999" ind1=" " ind2=" ">
    <subfield code="c">22435</subfield>
    <subfield code="d">22435</subfield>
  </datafield>
  <datafield tag="952" ind1=" " ind2=" ">
    <subfield code="0">0</subfield>
    <subfield code="1">0</subfield>
    <subfield code="2">lcc</subfield>
    <subfield code="4">0</subfield>
    <subfield code="a">CL</subfield>
    <subfield code="b">CL</subfield>
    <subfield code="c">GC</subfield>
    <subfield code="d">2012-10-18</subfield>
    <subfield code="e">DONATION</subfield>
    <subfield code="g">1646.25</subfield>
    <subfield code="l">0</subfield>
    <subfield code="o">LB 1591.5.U57 .D38 2008</subfield>
    <subfield code="p">C16418</subfield>
    <subfield code="r">2018-05-15 00:00:00</subfield>
    <subfield code="t">1</subfield>
    <subfield code="w">2013-10-10</subfield>
    <subfield code="y">BK</subfield>
  </datafield>
</record>
